Ron Weasley Loves... Quiz Stats

Quiz not verified by Sporcle

Challenge
Share
Tweet
Embed
Score 0/28 Timer 05:00
0 Plays Today
Category Answer % Correct
PeopleMolly Weasley
99%
PeopleFred, George, Percy, Charlie, and Bill Weasley
98.8%
PeopleGinny Weasley Potter
98.8%
PeopleHermione Granger Weasley
98.6%
PeopleHarry Potter
98.6%
PeopleArthur Weasley
98%
PeopleRose Weasley
95.7%
PeopleHugo Weasley
94.9%
PlacesHogwarts School of Witchcraft and Wizardry
93.3%
PlacesThe Burrow
90.9%
PlacesDiagon Alley
88%
ThingsQuidditch
85.6%
PeopleJames Sirius Potter
84.8%
PeopleUncle Bilius
76%
Category Answer % Correct
PlacesThe Three Broomsticks
73%
ThingsPigwidgeon
72.2%
ThingsChudley Cannons
71.9%
ThingsWizard's chess
71.5%
PlacesHogsmeade
68.5%
PlacesZonko's Joke Shop
66.1%
PlacesHoneydukes Sweetshop
63.4%
ThingsDeluminator
54.3%
PlacesWeasleys' Wizard Wheezes
44.7%
ThingsChocolate Frog Cards
43.5%
PlacesThe kitchens
34.6%
PlacesQuality Quidditch Supplies
24.4%
ThingsNifflers
15.7%
ThingsFood
12%

You're not logged in!

Compare scores with friends on all Sporcle quizzes.
Join for Free
OR
Log In

You Might Also Like...

Show Comments

Extras

Top Quizzes Today


Score Distribution

Your Account Isn't Verified!

In order to create a playlist on Sporcle, you need to verify the email address you used during registration. Go to your Sporcle Settings to finish the process.

Report this User

Report this user for behavior that violates our Community Guidelines.

Details: